| 000 | 00547nam a2200229Ia 4500 | ||
|---|---|---|---|
| 003 | OSt | ||
| 005 | 20220928142307.0 | ||
| 006 | a|||||r|||| 00| 0 | ||
| 007 | ta | ||
| 008 | 220927b |||||||| |||| 00| 0 eng d | ||
| 024 | _a18992 | ||
| 037 | _cTextual | ||
| 040 |
_aSDCL _cSDCL _beng |
||
| 041 |
_2eng _aeng |
||
| 082 | _aX:89F, L4 | ||
| 100 |
_aRosen L S Ed. _9503130 |
||
| 245 | 0 | _aTopics managerial accounting | |
| 250 | _a2 | ||
| 260 | _c1974 | ||
| 942 |
_hX:89F, L4 _cTEXL _2CC |
||
| 999 |
_c821195 _d821195 |
||